Statistics for All countries by Population - as you proceed you are given starting letter as hint

Click here to take the quiz!

General Stats

  • This quiz has been taken 25,587 times
    (5,007 since last reset)
  • The average score is 63 of 196

Answer Stats

# (pop) COUNTRY % Correct
1. (1,394 m)China . I
100%
2. (1,344 m)India . U...
99%
3. (328 m)United States . I
99%
4. (268 m)Indonesia . B
96%
5. (209 m)Brazil . P
95%
6. (203 m)Pakistan . N
92%
7. (199 m)Nigeria . B
90%
8. (166 m)Bangladesh . R
89%
9. (146 m)Russia . M
89%
11. (126 m)Japan . P
88%
10. (126 m)Mexico . J
87%
12. (107 m)Philippines . E
84%
13. (98 m)Ethiopia . E
83%
14. (98 m)Egypt . V
82%
17. (82 m)Germany . I
81%
15. (95 m)Vietnam . D...
81%
20. (66 m)France . T
79%
18. (82 m)Iran . T
78%
19. (82 m)Turkey . F
78%
22. (66 m)United Kingdom . I
78%
16. (91 m)Democratic Republic of the Congo . G
78%
23. (60 m)Italy . S...
77%
21. (66 m)Thailand . U...
76%
24. (57 m)South Africa . T
72%
25. (55 m)Tanzania . M
71%
27. (51 m)South Korea . K
66%
26. (54 m)Myanmar . S...
65%
29. (46 m)Spain . C
65%
31. (44 m)Argentina . A
64%
28. (49 m)Kenya . S
64%
30. (45 m)Colombia . A
63%
32. (43 m)Algeria . U
61%
33. (42 m)Ukraine . S
61%
34. (41 m)Sudan . U
58%
35. (40 m)Uganda . I
58%
37. (38 m)Poland . C
58%
36. (39 m)Iraq . P
57%
38. (37 m)Canada . M
55%
39. (34 m)Morocco . S...
50%
40. (33 m)Saudi Arabia . U
49%
41. (33 m)Uzbekistan . M
48%
42. (32 m)Malaysia . P
48%
43. (32 m)Peru . V
47%
44. (32 m)Venezuela . A
47%
45. (31 m)Afghanistan . G
45%
46. (30 m)Ghana . A
43%
47. (30 m)Angola . N
43%
48. (29 m)Nepal . Y
41%
49. (29 m)Yemen . M
41%
50. (28 m)Mozambique . I...
40%
53. (25 m)Australia . M
38%
51. (25 m)Ivory Coast . N...
36%
52. (25 m)North Korea . A
36%
54. (25 m)Madagascar . C
35%
55. (24 m)Cameroon . T
34%
56. (23 m)Taiwan . N
33%
57. (22 m)Niger . S...
32%
61. (19 m)Romania . C
30%
62. (19 m)Chile . S
30%
196. (800)Vatican City
30%
60. (19 m)Mali . R
30%
58. (21 m)Sri Lanka . B...
30%
59. (20 m)Burkina Faso . M
29%
63. (18 m)Syria . K
28%
64. (18 m)Kazakhstan . G
28%
68. (17 m)Netherlands . E
28%
65. (17 m)Guatemala . M
27%
69. (17 m)Ecuador . C
27%
70. (16 m)Cambodia . S
27%
66. (17 m)Malawi . Z
26%
67. (17 m)Zambia . N
26%
72. (15 m)Chad . S
26%
71. (16 m)Senegal . C
25%
73. (15 m)Somalia . Z
25%
74. (15 m)Zimbabwe . S...
25%
75. (12 m)South Sudan . R
25%
81. (11 m)Belgium . T
24%
79. (11 m)Haiti . B
24%
76. (12 m)Rwanda . G
24%
78. (11 m)Benin . H
24%
77. (12 m)Guinea . B
24%
90. (10 m)Sweden . A
23%
89. (10 m)Portugal . S
23%
80. (11 m)Bolivia . B
23%
82. (11 m)Tunisia . C
23%
85. (10 m)Greece . C...
22%
86. (10 m)Czech Republic . J
22%
195. (10 k)Tuvalu . V...
22%
83. (11 m)Cuba . B
22%
91. (9,981 k)Azerbaijan . H
22%
92. (9,771 k)Hungary . U...
22%
93. (9,682 k)United Arab Emirates . B
22%
98. (8,859 k)Austria . P...
22%
194. (11 k)Nauru . T
21%
101. (7,901 k)Sierra Leone . T
21%
100. (8,526 k)Switzerland . S...
21%
99. (8,558 k)Papua New Guinea . S
21%
97. (8,931 k)Tajikistan . A
21%
88. (10 m)Dominican Republic . P
21%
87. (10 m)Jordan . D...
21%
84. (10 m)Burundi . G
21%
96. (9,002 k)Israel . T
21%
95. (9,158 k)Honduras . I
21%
94. (9,475 k)Belarus . H
21%
103. (7,152 k)Paraguay . L
20%
116. (5,521 k)Finland . C...
20%
105. (7,050 k)Bulgaria . S
20%
106. (7,001 k)Serbia . E...
20%
192. (33 k)San Marino . P
20%
109. (6,393 k)Nicaragua . K
20%
193. (17 k)Palau . N
20%
102. (7,538 k)Togo . P
20%
104. (7,123 k)Laos . B
20%
191. (38 k)Liechtenstein . S...
19%
119. (5,328 k)Norway . R...
19%
120. (5,128 k)Republic of the Congo . C...
19%
118. (5,445 k)Slovakia . N
19%
113. (5,806 k)Denmark . S
19%
114. (5,638 k)Singapore . T
19%
107. (6,704 k)El Salvador . L
19%
108. (6,569 k)Libya . N
19%
110. (6,350 k)Kyrgyzstan . E
19%
111. (6,160 k)Eritrea . L
19%
112. (6,065 k)Lebanon . D
19%
190. (38 k)Monaco . L
18%
117. (5,496 k)Central African Republic . S
18%
125. (4,475 k)Liberia . K
18%
124. (4,670 k)Oman . L
18%
123. (4,857 k)Ireland . O
18%
122. (4,945 k)New Zealand . I
18%
121. (5,058 k)Costa Rica . N...
18%
115. (5,631 k)Turkmenistan . F
18%
128. (4,105 k)Croatia . M
17%
126. (4,226 k)Kuwait . P
17%
127. (4,218 k)Panama . C
17%
140. (2,458 k)Namibia . B
16%
158. (884 k)Fiji . C
16%
129. (4,077 k)Mauritania . G
16%
139. (2,728 k)Jamaica . N
16%
130. (3,729 k)Georgia . M
16%
138. (2,772 k)Qatar . J
16%
132. (3,518 k)Uruguay . B...
16%
133. (3,511 k)Bosnia and Herzegovina . M
16%
134. (3,247 k)Mongolia . A
16%
135. (2,969 k)Armenia . A
16%
137. (2,792 k)Lithuania . Q
16%
136. (2,870 k)Albania . L
16%
175. (287 k)Barbados . S...
15%
173. (357 k)Iceland . V
15%
174. (304 k)Vanuatu . B
15%
189. (55 k)Marshall Islands . M
15%
184. (100 k)Tonga . S
15%
186. (74 k)Andorra . D
15%
187. (74 k)Dominica . S...
15%
131. (3,547 k)Moldova . U
15%
159. (873 k)Comoros . C
15%
147. (1,918 k)Latvia . K
15%
155. (1,265 k)Mauritius . E
15%
141. (2,338 k)Botswana . G
15%
142. (2,228 k)Gambia . G
15%
143. (2,109 k)Gabon . S
15%
145. (2,075 k)North Macedonia . L
15%
146. (2,007 k)Lesotho . L
15%
148. (1,798 k)Kosovo . G...
15%
152. (1,359 k)Trinidad and Tobago . E...
15%
149. (1,604 k)Guinea-Bissau . B
15%
154. (1,323 k)Estonia . M
15%
151. (1,387 k)East Timor . T...
14%
182. (105 k)Federated States of Micronesia . A...
14%
183. (104 k)Antigua and Barbuda . T
14%
157. (1,078 k)Djibouti . F
14%
185. (96 k)Seychelles . A
14%
150. (1,543 k)Bahrain . E...
14%
180. (109 k)Saint Vincent and the Grenadines . G
14%
188. (56 k)Saint Kitts and Nevis . M...
14%
144. (2,076 k)Slovenia . N...
14%
181. (108 k)Grenada . F...
14%
177. (200 k)Samoa . S...
14%
179. (120 k)Kiribati . S...
14%
165. (602 k)Luxembourg . S
14%
156. (1,093 k)Eswatini . D
14%
160. (864 k)Cyprus . G
14%
153. (1,358 k)Equatorial Guinea . E
14%
161. (786 k)Guyana . B
14%
162. (741 k)Bhutan . S...
14%
163. (680 k)Solomon Islands . M
14%
178. (180 k)Saint Lucia . K
14%
164. (622 k)Montenegro . L
13%
167. (550 k)Cape Verde . M
13%
166. (573 k)Suriname . C...
13%
176. (201 k)São Tomé and Príncipe . S
13%
168. (475 k)Malta . B
13%
169. (421 k)Brunei . B
12%
170. (398 k)Belize . B
12%
171. (385 k)Bahamas . M
12%
172. (378 k)Maldives . I
12%

Score Distribution

Percentile by Number Answered

Percent of People with Each Score

Your Score History

You have not taken this quiz since the last reset